000
00332nam a2200145Ia 4500
100
_a
Duthie/Andrew G
650
_a
Programming
942
_c
BK
245
_a
ASP.NET programming with microsoft visual basic.NET
260
_b
prentice hall
_a
New Delhi
_c
2003
082
_b
DUT
300
_a
600
546
_a
ENGLISH
999
_c
25182
_d
25182